000 00369nam a2200157Ia 4500
999 _c2583
_d2583
003 OSt
005 20190928162207.0
008 190802s9999 xx 000 0 und d
020 _a978-9387067189
040 _cmaju
100 _aBob Hughes
245 0 _aSoftware Project management
260 _aNew Delhi
_bMcGraw Hill
_c2018
300 _a454:p
942 _cBK
_2ddc